Quantum learning unleashing the genius in you

Bibliographic Details
Main Author: DePorter, Bobbi
Other Authors: Hernacki, Mike
Format: Book
Language:English
Published: New York Dell 1992
Subjects:
LEADER 00780cam a2200229 a 4500
001 0000133209
005 20120723090000.0
040 |a mod 
041 |a eng 
020 |a 0440504279 
090 0 0 |a 370.15  |b DEP  |e 1992 
100 1 |a DePorter, Bobbi 
245 1 0 |a Quantum learning  |b unleashing the genius in you  |c Bobbi DePorter with Mike Hernacki 
260 |a New York  |b Dell  |c 1992 
300 |a 355 p.  |b ill.  |c 23cm 
504 |a Includes bibliographical references and index 
650 0 0 |a Study skills 
650 0 0 |a Learning 
700 1 |a Hernacki, Mike 
852 0 0 |a 01 
999 |a B000019150  |b PU SUBANG (TUDM SUBANG)  |d BOOKS  |e Umum  |f PU Subang (TUDM Subang)  |j AVAILABLE  |q GOOD CONDITION 
999 |a B000022827  |b INSPEKA(Institut Pegawai Kanan)  |d BOOKS  |e Umum  |f Other Branches  |j AVAILABLE  |q GOOD CONDITION